000 00639nam a2200229Ia 4500
003 OSt
005 20221007081942.0
006 a|||||r|||| 00| 0
007 ta
008 221006b |||||||| |||| 00| 0 eng d
024 _a28,517
037 _cTextual
040 _aFLL
_cFLL
_beng
041 _2eng
_aeng
082 _aZ73:924, J8
100 _aSmith Chester H.
_9698366
245 0 _aEquity for law school and state bar examinations
260 _aSt. Paul ,
_bMinn. West Publishing Co. St. Minn.
_c1958
300 _a121p
_ccm.
942 _hZ73:924, J8
_cTEXL
_2CC
999 _c1164834
_d1164834